Words that End in "-ushy" - Statistics

General Stats
  • This quiz has been taken 240 times
  • The average score is 6 of 8
Answer Stats
Answer % Correct
Mushy
94%
Pushy
91%
Bushy
88%
Cushy
82%
Gushy
77%
Plushy
59%
Brushy
57%
Slushy
50%
No matching quizzes found
Score Distribution
Percent of People with Each Score
Percentile by Number Answered
Your Score History
You have not taken this quiz